000 00393nam a2200169Ia 4500
008 210210b1934 xxu||||| |||| 00| 0 eng d
041 _aeng
082 _a829/199
100 _aCRAKE (A D)
245 _aEdwy the fair
260 _aLondon
_bLongmans Green and Company Limited
_c1934
650 _athe
650 _afair
650 _aEdwy
690 _aEnglish Fiction
906 _a016806
999 _c136502
_d136502